000
00266nam a22001217a 4500
003
SGT
082
_b
CHA
100
_a
CHATTERJEE, D.
245
_a
IIM KOZHIKODE SOCIETY & MANAGEMENT REVIEW
260
_a
INDIA
_b
SAGE PUB.
_c
2022
300
_a
252
942
_2
ddc
_c
BV
999
_c
29935
_d
29935